| Tag |
First Indicator |
Second Indicator |
Subfields |
| LEADER |
00000cam a2200000 4500 |
| 001 |
in00000039450 |
| 005 |
20151007081732.0 |
| 008 |
741007s1952 eng u |
| 010 |
|
|
|a 52005457
|
| 035 |
|
|
|a (OCoLC)01033361
|
| 035 |
|
|
|9 AAF6844AM
|
| 040 |
|
|
|c SJD
|d TXA
|d UtOrBLW
|
| 049 |
|
|
|a TXAM
|c [209199]
|
| 050 |
0 |
0 |
|a BX2183
|b .C36
|
| 092 |
|
|
|a 242
|b C211s
|
| 100 |
1 |
|
|a Camus, Jean-Pierre,
|d 1584-1652.
|
| 245 |
1 |
4 |
|a The spirit of St Francois de Sales /
|c edited and newly translated, and with an introd. by C. F. Kelley.
|
| 264 |
|
1 |
|a New York :
|b Harper,
|c [1952]
|
| 300 |
|
|
|a xxxi, 249 pages ;
|c 22 cm.
|
| 336 |
|
|
|a text
|b txt
|2 rdacontent
|
| 337 |
|
|
|a unmediated
|b n
|2 rdamedia
|
| 338 |
|
|
|a volume
|b nc
|2 rdacarrier
|
| 504 |
|
|
|a Bibliographical references included in "Notes" (pages 235-249).
|
| 650 |
|
0 |
|a Devotional literature.
|
| 650 |
|
0 |
|a Christian life
|x Catholic authors.
|
| 700 |
0 |
|
|a Francis,
|c de Sales, Saint,
|d 1567-1622.
|
| 999 |
|
|
|a MARS
|
| 999 |
f |
f |
|s d42f459f-ce6d-303b-9e00-7a0ffc940b2c
|i a463a73f-9012-379e-92c0-de41cb9c6ff6
|t 0
|
| 952 |
f |
f |
|p ric
|a Texas A&M University
|b Rellis Campus
|c Joint Library Facility
|d Remote Storage
|t 0
|e BX2183 .C36
|h Library of Congress classification
|i unmediated -- volume
|m A14800609908
|
| 998 |
f |
f |
|a BX2183 .C36
|t 0
|l Remote Storage
|